Management / (Record no. 2883)

MARC details
000 -LEADER
fixed length control field 00784nam a22002295a 4500
008 - FIXED-LENGTH DATA ELEMENTS--GENERAL INFORMATION
fixed length control field 080826s2007 njua frb 001 0 eng d
020 ## - INTERNATIONAL STANDARD BOOK NUMBER
International Standard Book Number 9780138142728
020 ## - INTERNATIONAL STANDARD BOOK NUMBER
International Standard Book Number 0138142726
040 ## - CATALOGING SOURCE
Original cataloging agency EG-ScBUE
Language of cataloging eng
Transcribing agency EG-ScBUE
Modifying agency EG-ScBUE
082 04 - DEWEY DECIMAL CLASSIFICATION NUMBER
Classification number 658
Item number ROB
Edition number 22
100 1# - MAIN ENTRY--PERSONAL NAME
Personal name Robbins, Stephen P.,
9 (RLIN) 8040
245 10 - TITLE STATEMENT
Title Management /
Statement of responsibility, etc Stephen P. Robbins, Mary Coulter.
250 ## - EDITION STATEMENT
Edition statement 9th ed., Pearson international ed.
260 ## - PUBLICATION, DISTRIBUTION, ETC. (IMPRINT)
Place of publication, distribution, etc Upper Saddle River :
Name of publisher, distributor, etc Pearson / Prentice Hall,
Date of publication, distribution, etc 2007.
300 ## - PHYSICAL DESCRIPTION
Extent xiii, 738 p. :
Other physical details ill ;
Dimensions 35 cm.
504 ## - BIBLIOGRAPHY, ETC. NOTE
Bibliography, etc Includes bibliographical references and indexes.
590 ## - LOCAL NOTE (RLIN)
Local note Menna Elemam
650 #7 - SUBJECT ADDED ENTRY--TOPICAL TERM
Topical term or geographic name as entry element Management.
9 (RLIN) 553
Source of heading or term BUEsh
653 ## - INDEX TERM--UNCONTROLLED
Resource For college BAEPS, Business Administration
Arrived date list August2015
-- January2018
700 1# - ADDED ENTRY--PERSONAL NAME
Personal name Coulter, Mary K.
9 (RLIN) 8042
942 ## - ADDED ENTRY ELEMENTS (KOHA)
Item type Book - Borrowing
Call number prefix 658 ROB
Source of classification or shelving scheme Dewey Decimal Classification
Holdings
Withdrawn status Item status Source of classification or shelving scheme Materials specified (bound volume or other part) Damaged status Not for loan Home library Current library Shelving location Date acquired Source of acquisition Cost, normal purchase price Total Checkouts Full call number Barcode Date last seen Koha item type Date last borrowed Total Renewals Vendor Public note
  Lost Dewey Decimal Classification Lost In Inventory_2005-2015/8/22     Central Library Central Library First floor 08/03/2007 Purchase 145.00 4 658 ROB 000001252 08/07/2010 Book - Borrowing        
            Central Library Central Library First floor 08/03/2007 Purchase   1 658 ROB 000001250 15/07/2025 NB - Book (Non borrowing) 08/10/2008      
    Dewey Decimal Classification       Central Library Central Library First floor 26/08/2008 Purchase   3 658 ROB 000013402 15/07/2025 Book - Borrowing 16/10/2017 20    
  Lost and Paid For Dewey Decimal Classification       Central Library Central Library First floor 08/09/2008 Purchase   5 658 ROB 000013516 15/02/2010 Book - Borrowing 17/08/2009 1    
    Dewey Decimal Classification       Central Library Central Library First floor 15/03/2009     1 658 ROB 000015311 15/07/2025 Book - Borrowing 29/03/2009   Baccah homebranch was lost
  Lost Dewey Decimal Classification Lost_In_Inventory_12-2-2024     Central Library Central Library First floor 15/03/2009     5 658 ROB 000015310 24/08/2022 Book - Borrowing 07/03/2016 2 Baccah  
    Dewey Decimal Classification       Central Library Central Library First floor 15/03/2009       658 ROB 000015309 15/07/2025 NB - Book (Non borrowing)     Baccah  
    Dewey Decimal Classification       Central Library Central Library First floor 28/07/2009     2 658 ROB 000017692 15/07/2025 Book - Borrowing 16/02/2016 27    
    Dewey Decimal Classification       Central Library Central Library First floor 13/01/2010     4 658 ROB 000019342 15/07/2025 Book - Borrowing 17/02/2016 2    
    Dewey Decimal Classification       Central Library Central Library First floor 24/01/2018       658 ROB 000047173 15/07/2025 Book - Borrowing